مكتبة جامعة عجلون الوطنية

فهرس بحث المكتبة

Normal view MARC view
  • تحرير: ملكاوي، فتحي حسن ، محمد عبد الكريم أبو سل

Entry Personal Name

Number of records used in: 1

001 - CONTROL NUMBER

  • control field: 52531

003 - CONTROL NUMBER IDENTIFIER

  • control field: JO-AjAnu

005 - DATE AND TIME OF LATEST TRANSACTION

  • control field: 20230606082632.0

008 - FIXED-LENGTH DATA ELEMENTS

  • fixed length control field: 230606|| aca||aabn | a|a d

040 ## - CATALOGING SOURCE

  • Original cataloging agency: JO-AjAnu
  • Transcribing agency: JO-AjAnu

100 ## - HEADING--PERSONAL NAME

  • Personal name: تحرير: ملكاوي، فتحي حسن ، محمد عبد الكريم أبو سل

670 ## - SOURCE DATA FOUND

  • Source citation: Work cat.: (JO-AjAnu)26844: تحرير: ملكاوي، فتحي حسن ، محمد عبد الكريم أبو سل , author, كتاب مؤتمر علوم الشريعة في الجامعات: عمان16-19 ربيع الأول 1415هـ 23-26 /8/ 1995م وقائع المؤتمر وتوصياته وملخصات بحوثه